000 00637nam a2200241 i 4500
001 C2-0131620
003 PPAK
005 20180727122448.0
008 971011s1983 enka|||| ||||| | eng d
020 _a0241110394
040 _aPPAK
_beng
_cPPAK
_erda
082 0 4 _a333.7
_223
090 0 0 _a333.7
_bCOO
_dK
090 0 0 _a333.7
_bCOO
_dRK
100 1 _aCook, David,
_eauthor
245 1 4 _aThe environment
264 1 _aLondon :
_bHamish Hamilton ,
_c1983
300 _a30 pages :
_bcolour illustrations ;
_c25 cm
336 _2rdacontent
_atext
337 _2rdamedia
_aunmediated
338 _2rdacarrier
_avolume
942 _ddc
_cB
999 _c40866
_d40866